[Event "Bundesliga 9495"]
[Site "Deutschland"]
[Date "1994.??.??"]
[Round "?.7"]
[White "Himmel, Hansjoerg"]
[Black "Voekler, Bernd"]
[Result "0-1"]
[WhiteElo "2335"]
[BlackElo "2350"]
[PlyCount "72"]
[EventDate "1994.10.??"]
[EventType "team"]
[EventRounds "15"]
[EventCountry "GER"]
[SourceTitle "Bundesliga 9495"]
[Source "DeepChess"]
[SourceDate "2005.01.01"]
[SourceVersion "1"]
[SourceVersionDate "2005.01.01"]
[SourceQuality "1"]
[WhiteTeam "PSV Turm Duisburg 1920 e.V."]
[BlackTeam "SV Erfurt West 90"]
[WhiteTeamCountry "GER"]
[BlackTeamCountry "GER"]

1. e4 c5 2. Nf3 d6 3. d4 cxd4 4. Nxd4 Nf6 5. Nc3 a6 6. g3 e5 7. Nde2 Be7 8. Bg2
O-O 9. O-O Nbd7 10. h3 b5 11. a3 Nb6 12. b3 Bb7 13. Bb2 Rc8 14. Rc1 Rc7 15. f4
Qa8 16. Qd3 Rfc8 17. Kh2 Nbd7 18. Nd5 Bxd5 19. exd5 e4 20. Qd2 Qxd5 21. Qxd5
Nxd5 22. Bxe4 Ne3 23. Rf3 Nxc2 24. Rc3 Rxc3 25. Nxc3 Nd4 26. Rd1 Nxb3 27. Bb7
Rc5 28. Kh1 Nf6 29. g4 h6 30. Bxa6 d5 31. Nxb5 Ne4 32. Bd4 Nxd4 33. Rxd4 Bf6
34. Rb4 Rc2 35. Nd4 Ra2 36. Bb7 Ng3+ 0-1

[Event "Bundesliga 9495"]
[Site "Deutschland"]
[Date "1994.??.??"]
[Round "?.8"]
[White "Machelett, Heiko"]
[Black "Kilian, Ralf"]
[Result "1-0"]
[WhiteElo "2240"]
[BlackElo "2226"]
[PlyCount "159"]
[EventDate "1994.10.??"]
[EventType "team"]
[EventRounds "15"]
[EventCountry "GER"]
[SourceTitle "Bundesliga 9495"]
[Source "DeepChess"]
[SourceDate "2005.01.01"]
[SourceVersion "1"]
[SourceVersionDate "2005.01.01"]
[SourceQuality "1"]
[WhiteTeam "SV Erfurt West 90"]
[BlackTeam "PSV Turm Duisburg 1920 e.V."]
[WhiteTeamCountry "GER"]
[BlackTeamCountry "GER"]

1. d4 d5 2. c4 e6 3. Nc3 Nf6 4. cxd5 exd5 5. Bf4 c6 6. e3 Bf5 7. Nge2 Qb6 8.
Qd2 Ne4 9. Nxe4 Bxe4 10. a3 Nd7 11. Ng3 Bg6 12. h4 h6 13. h5 Bh7 14. Bd3 Bxd3
15. Qxd3 Qa5+ 16. Ke2 a6 17. f3 Qb5 18. Qxb5 axb5 19. Nf5 Nb6 20. b3 Kd7 21.
Kf2 Rh7 22. Rh3 Rxa3 23. Rxa3 Bxa3 24. Rg3 Bf8 25. Be5 f6 26. Bf4 Ke6 27. e4
Nc8 28. Rg4 b6 29. Nh4 Bd6 30. Bxd6 Nxd6 31. Ng6 Kf7 32. e5 Nf5 33. Ke2 Ne7 34.
Kd3 Ke8 35. Nh4 Kf7 36. f4 Rh8 37. f5 fxe5 38. dxe5 Ra8 39. Rf4 Ra3 40. f6 gxf6
41. Rxf6+ Kg7 42. Ng6 Rxb3+ 43. Kc2 Re3 44. Nxe7 Rxe5 45. Rg6+ Kf7 46. Nxc6
Rxh5 47. Rg3 Ke6 48. Nd4+ Ke5 49. Kd3 Rh1 50. Re3+ Kf4 51. Ne2+ Kg4 52. Re6 Rh2
53. Ke3 d4+ 54. Kf2 d3 55. Ng3 h5 56. Re4+ Kg5 57. Rd4 Rh4 58. Rxd3 Rb4 59.
Rd5+ Kg4 60. Nxh5 Rb2+ 61. Kg1 b4 62. Kh2 Rf2 63. Ng3 b3 64. Rb5 b2 65. Rxb6
Kf4 66. Rb3 Ke5 67. Rb4 Kd5 68. Ne4 Rc2 69. Kh3 b1=Q 70. Rxb1 Kxe4 71. Rf1 Rc8
72. g4 Rh8+ 73. Kg3 Rg8 74. Rf5 Rh8 75. Ra5 Rf8 76. g5 Rf5 77. Ra4+ Ke5 78. Kg4
Rf1 79. Ra6 Rg1+ 80. Kh5 1-0

[Event "Bundesliga 9495"]
[Site "Deutschland"]
[Date "1995.??.??"]
[Round "?.2"]
[White "Horvath, Tamas"]
[Black "Unzicker, Wolfgang"]
[Result "1/2-1/2"]
[WhiteElo "2410"]
[BlackElo "2440"]
[PlyCount "48"]
[EventDate "1994.10.??"]
[EventType "team"]
[EventRounds "15"]
[EventCountry "GER"]
[SourceTitle "Bundesliga 9495"]
[Source "DeepChess"]
[SourceDate "2005.01.01"]
[SourceVersion "1"]
[SourceVersionDate "2005.01.01"]
[SourceQuality "1"]
[WhiteTeam "SV Tuebingen 1870 e.V."]
[BlackTeam "PSV Turm Duisburg 1920 e.V."]
[WhiteTeamCountry "GER"]
[BlackTeamCountry "GER"]

1. e4 e5 2. Nf3 Nc6 3. Bb5 a6 4. Ba4 Nf6 5. O-O Be7 6. Bxc6 dxc6 7. Nc3 Nd7 8.
d4 exd4 9. Qxd4 O-O 10. Bf4 Nc5 11. Qe3 Ne6 12. Rad1 Qe8 13. Bg3 a5 14. Nd4 Bc5
15. Nce2 b6 16. Rfe1 Ba6 17. c3 Rd8 18. Qc1 Bxe2 19. Nxe2 Rxd1 20. Qxd1 Qe7 21.
Nf4 Rd8 22. Qe2 Nxf4 23. Bxf4 h6 24. h3 Rd7 1/2-1/2

[Event "Bundesliga 9495"]
[Site "Deutschland"]
[Date "1995.??.??"]
[Round "?.3"]
[White "Espig, Lutz"]
[Black "Kraut, Rainer"]
[Result "0-1"]
[WhiteElo "2430"]
[BlackElo "2420"]
[PlyCount "60"]
[EventDate "1994.10.??"]
[EventType "team"]
[EventRounds "15"]
[EventCountry "GER"]
[SourceTitle "Bundesliga 9495"]
[Source "DeepChess"]
[SourceDate "2005.01.01"]
[SourceVersion "1"]
[SourceVersionDate "2005.01.01"]
[SourceQuality "1"]
[WhiteTeam "PSV Turm Duisburg 1920 e.V."]
[BlackTeam "SV Tuebingen 1870 e.V."]
[WhiteTeamCountry "GER"]
[BlackTeamCountry "GER"]

1. Nf3 d5 2. b3 Bg4 3. Bb2 Nd7 4. g3 e6 5. Bg2 Ngf6 6. d3 c6 7. Nbd2 Be7 8. O-O
O-O 9. Qe1 a5 10. a3 b5 11. e4 Qb6 12. h3 Bh5 13. Kh1 Bc5 14. Nh2 dxe4 15. dxe4
e5 16. Nhf3 Rfe8 17. Nh4 Rad8 18. Ndf3 a4 19. b4 Bf8 20. Rd1 c5 21. Rd3 cxb4
22. axb4 Qc7 23. Bc3 a3 24. Qe3 a2 25. Nd2 Nb6 26. Rxd8 Rxd8 27. f4 exf4 28.
gxf4 Na4 29. Bd4 Bxb4 30. Nf5 Bc3 0-1

[Event "Bundesliga 9495"]
[Site "Deutschland"]
[Date "1995.??.??"]
[Round "?.4"]
[White "Palkovi, Jozsef"]
[Black "Mohr, Stefan"]
[Result "1-0"]
[WhiteElo "2420"]
[BlackElo "2455"]
[PlyCount "97"]
[EventDate "1994.10.??"]
[EventType "team"]
[EventRounds "15"]
[EventCountry "GER"]
[SourceTitle "Bundesliga 9495"]
[Source "DeepChess"]
[SourceDate "2005.01.01"]
[SourceVersion "1"]
[SourceVersionDate "2005.01.01"]
[SourceQuality "1"]
[WhiteTeam "SV Tuebingen 1870 e.V."]
[BlackTeam "PSV Turm Duisburg 1920 e.V."]
[WhiteTeamCountry "GER"]
[BlackTeamCountry "GER"]

1. e4 d6 2. d4 g6 3. Nc3 Bg7 4. g3 Nf6 5. Bg2 O-O 6. Nge2 e5 7. h3 c6 8. a4 Na6
9. O-O Nb4 10. Be3 a5 11. g4 Be6 12. d5 Bd7 13. Ng3 Rc8 14. Qd2 Ne8 15. f4 cxd5
16. exd5 exf4 17. Bxf4 Rc4 18. Nge2 f5 19. g5 Be5 20. h4 h6 21. b3 Rc8 22. Rac1
hxg5 23. hxg5 Ng7 24. Rf2 Nh5 25. Bxe5 dxe5 26. d6 e4 27. Nd5 Nxd5 28. Qxd5+
Rf7 29. Qd2 Qb6 30. Qd4 Qxd4 31. Nxd4 Rc3 32. Rcf1 Ng3 33. Re1 Kg7 34. Bf1 e3
35. Rf3 f4 36. Bc4 Rxc4 37. bxc4 Bg4 38. Rxg3 fxg3 39. Rxe3 Rf4 40. c3 Kf7 41.
Rxg3 Ke8 42. Re3+ Kd7 43. c5 Rf7 44. Re4 Bd1 45. Re6 Rg7 46. Rf6 Bxa4 47. Nf3
Kc6 48. Rf4 b5 49. Ne5+ 1-0

[Event "Bundesliga 9495"]
[Site "Deutschland"]
[Date "1995.??.??"]
[Round "?.5"]
[White "Gruenberg, Hans Ulrich"]
[Black "Zeller, Frank"]
[Result "1/2-1/2"]
[WhiteElo "2470"]
[BlackElo "2350"]
[PlyCount "77"]
[EventDate "1994.10.??"]
[EventType "team"]
[EventRounds "15"]
[EventCountry "GER"]
[SourceTitle "Bundesliga 9495"]
[Source "DeepChess"]
[SourceDate "2005.01.01"]
[SourceVersion "1"]
[SourceVersionDate "2005.01.01"]
[SourceQuality "1"]
[WhiteTeam "PSV Turm Duisburg 1920 e.V."]
[BlackTeam "SV Tuebingen 1870 e.V."]
[WhiteTeamCountry "GER"]
[BlackTeamCountry "GER"]

1. d4 Nf6 2. c4 e6 3. Nf3 d5 4. Nc3 Bb4 5. Bg5 Nbd7 6. cxd5 exd5 7. Rc1 c6 8.
a3 Bd6 9. e3 O-O 10. Bd3 Re8 11. Qc2 Nf8 12. Bf5 Ng6 13. h4 Nf8 14. h5 h6 15.
Bh4 Bxf5 16. Qxf5 Qd7 17. Qxd7 N8xd7 18. Bxf6 Nxf6 19. Ke2 b6 20. Nh4 Bf8 21.
Nf5 c5 22. Rh4 Kh7 23. Rd1 g6 24. hxg6+ fxg6 25. Ng3 c4 26. Rdh1 b5 27. f3 Rab8
28. Ra1 a5 29. Nd1 Ra8 30. Nc3 Rab8 31. Nd1 b4 32. axb4 axb4 33. Ra6 Bg7 34.
Rf4 Rf8 35. Kd2 Ra8 36. Rb6 Rab8 37. Ra6 Ra8 38. Rb6 Rab8 39. Ra6 1/2-1/2

[Event "Bundesliga 9495"]
[Site "Deutschland"]
[Date "1995.??.??"]
[Round "?.6"]
[White "Werner, Marc"]
[Black "Moiseev, Viktor"]
[Result "1/2-1/2"]
[WhiteElo "2360"]
[BlackElo "2455"]
[PlyCount "84"]
[EventDate "1994.10.??"]
[EventType "team"]
[EventRounds "15"]
[EventCountry "GER"]
[SourceTitle "Bundesliga 9495"]
[Source "DeepChess"]
[SourceDate "2005.01.01"]
[SourceVersion "1"]
[SourceVersionDate "2005.01.01"]
[SourceQuality "1"]
[WhiteTeam "SV Tuebingen 1870 e.V."]
[BlackTeam "PSV Turm Duisburg 1920 e.V."]
[WhiteTeamCountry "GER"]
[BlackTeamCountry "GER"]

1. e4 c5 2. Nf3 d6 3. d4 cxd4 4. Nxd4 Nf6 5. Nc3 a6 6. Be3 e5 7. Nb3 Be7 8. f3
Be6 9. Qd2 Nbd7 10. g4 h6 11. h4 b5 12. Rg1 b4 13. Ne2 a5 14. g5 hxg5 15. hxg5
Nh5 16. Rh1 a4 17. Nbc1 Qa5 18. Ng3 g6 19. Nd3 d5 20. exd5 Bxd5 21. Ne4 Nb6 22.
Ndc5 Rd8 23. Qf2 Nd7 24. Nxd7 Rxd7 25. Bb6 Qa8 26. Bd3 Qc6 27. Be3 Bc4 28. Bxc4
Qxc4 29. Qe2 Qc6 30. Kf2 Rc7 31. c3 bxc3 32. bxc3 Rb7 33. Rab1 O-O 34. Rxb7
Qxb7 35. Rd1 Qc8 36. Kg2 Ng7 37. Qb5 Qe6 38. Qd5 Qf5 39. Qd7 Rd8 40. Qxf5 gxf5
41. Rxd8+ Bxd8 42. Nc5 Bb6 1/2-1/2

[Event "Bundesliga 9495"]
[Site "Deutschland"]
[Date "1995.??.??"]
[Round "?.7"]
[White "Kilian, Ralf"]
[Black "Dutschak, Hauke"]
[Result "0-1"]
[WhiteElo "2226"]
[BlackElo "2240"]
[PlyCount "100"]
[EventDate "1994.10.??"]
[EventType "team"]
[EventRounds "15"]
[EventCountry "GER"]
[SourceTitle "Bundesliga 9495"]
[Source "DeepChess"]
[SourceDate "2005.01.01"]
[SourceVersion "1"]
[SourceVersionDate "2005.01.01"]
[SourceQuality "1"]
[WhiteTeam "PSV Turm Duisburg 1920 e.V."]
[BlackTeam "SV Tuebingen 1870 e.V."]
[WhiteTeamCountry "GER"]
[BlackTeamCountry "GER"]

1. Nf3 d5 2. d4 Bf5 3. Bf4 e6 4. e3 Bd6 5. Bxd6 Qxd6 6. c4 Qb4+ 7. Qd2 Nc6 8.
a3 Qxd2+ 9. Nbxd2 a5 10. b3 Nge7 11. Rc1 f6 12. Be2 Kd7 13. Nh4 h5 14. Nxf5
Nxf5 15. cxd5 exd5 16. Bb5 Nd6 17. Bxc6+ bxc6 18. a4 Rhe8 19. Ke2 Ne4 20. Nxe4
Rxe4 21. Kd3 Rb8 22. Rc3 h4 23. f3 Re6 24. g4 g6 25. Rg1 Rb4 26. g5 f5 27. Rb1
Re8 28. Rc5 Ra8 29. Kc3 Rb6 30. Re1 Rab8 31. Rb1 Re8 32. Kd3 Ra6 33. Re1 Raa8
34. e4 Rab8 35. Kc3 fxe4 36. fxe4 Rf8 37. exd5 Rf3+ 38. Kc2 Rfxb3 39. dxc6+ Kd6
40. Rc3 Rb2+ 41. Kd3 Rxh2 42. Rf1 Rh3+ 43. Kc2 Rh2+ 44. Kc1 Rbb2 45. Rf7 Rbg2
46. Rd7+ Ke6 47. d5+ Ke5 48. Rd3 Rh1+ 49. Rd1 Rxd1+ 50. Kxd1 h3 0-1

[Event "Bundesliga 9495"]
[Site "Deutschland"]
[Date "1995.??.??"]
[Round "?.8"]
[White "Foessmeier, Ulrich"]
[Black "Quast, Michael"]
[Result "1/2-1/2"]
[WhiteElo "2310"]
[BlackElo "2172"]
[PlyCount "66"]
[EventDate "1994.10.??"]
[EventType "team"]
[EventRounds "15"]
[EventCountry "GER"]
[SourceTitle "Bundesliga 9495"]
[Source "DeepChess"]
[SourceDate "2005.01.01"]
[SourceVersion "1"]
[SourceVersionDate "2005.01.01"]
[SourceQuality "1"]
[WhiteTeam "SV Tuebingen 1870 e.V."]
[BlackTeam "PSV Turm Duisburg 1920 e.V."]
[WhiteTeamCountry "GER"]
[BlackTeamCountry "GER"]

1. d4 d6 2. c4 Nf6 3. Nc3 g6 4. e4 Bg7 5. Be2 O-O 6. Bg5 c6 7. Qd2 Na6 8. Nf3
Nc7 9. h3 d5 10. Bd3 dxe4 11. Nxe4 Nxe4 12. Bxe4 Ne6 13. Rd1 Nxg5 14. Qxg5 h6
15. Qd2 Qb6 16. b3 Rd8 17. c5 Qc7 18. Qc3 Be6 19. O-O Bd5 20. Rfe1 e6 21. a3
Bxe4 22. Rxe4 Rd5 23. Rde1 Rad8 24. b4 Qd7 25. Ne5 Bxe5 26. dxe5 Rd3 27. Qc1
Rd2 28. R4e2 Rxe2 29. Rxe2 Qd1+ 30. Qxd1 Rxd1+ 31. Kh2 Rd3 32. Re3 Rxe3 33.
fxe3 g5 1/2-1/2

[Event "Bundesliga 9495"]
[Site "Deutschland"]
[Date "1995.??.??"]
[Round "?.2"]
[White "Almasi, Zoltan"]
[Black "Blatny, Pavel"]
[Result "1-0"]
[WhiteElo "2590"]
[BlackElo "2485"]
[PlyCount "105"]
[EventDate "1994.10.??"]
[EventType "team"]
[EventRounds "15"]
[EventCountry "GER"]
[SourceTitle "Bundesliga 9495"]
[Source "DeepChess"]
[SourceDate "2005.01.01"]
[SourceVersion "1"]
[SourceVersionDate "2005.01.01"]
[SourceQuality "1"]
[WhiteTeam "Post SV Dresden"]
[BlackTeam "SAbt SV Werder Bremen"]
[WhiteTeamCountry "GER"]
[BlackTeamCountry "GER"]

1. e4 e5 2. Nf3 Nc6 3. Bb5 a6 4. Ba4 Nf6 5. O-O Be7 6. Re1 b5 7. Bb3 O-O 8. c3
d5 9. exd5 Nxd5 10. Nxe5 Nxe5 11. Rxe5 c6 12. d3 Bd6 13. Re1 Bc7 14. Nd2 Nf4
15. Nf3 Qf6 16. Bxf4 Bxf4 17. d4 Bg4 18. h3 Bh5 19. Qe2 g5 20. Qe4 Bg6 21. Qe7
Qxe7 22. Rxe7 Rfe8 23. Rxe8+ Rxe8 24. g3 Bd6 25. Re1 Rxe1+ 26. Nxe1 Bf5 27. Kg2
h5 28. Bc2 Be6 29. b3 Kg7 30. Be4 c5 31. dxc5 Bxc5 32. Nd3 Bd6 33. f4 f6 34. f5
Bc8 35. g4 hxg4 36. hxg4 a5 37. Bc6 b4 38. c4 Kf7 39. Kf3 Ke7 40. Ke4 Bc7 41.
Kd5 Bb6 42. Nc5 Ba7 43. Ne4 Bb8 44. Kc5 Be5 45. Kb6 Kd8 46. Kxa5 Kc7 47. Bd5
Bc3 48. c5 Bd7 49. a3 Bc6 50. Bxc6 Kxc6 51. axb4 Be5 52. b5+ Kd5 53. b6 1-0

[Event "Bundesliga 9495"]
[Site "Deutschland"]
[Date "1995.??.??"]
[Round "?.3"]
[White "Knaak, Rainer"]
[Black "Teske, Henrik"]
[Result "1-0"]
[WhiteElo "2540"]
[BlackElo "2465"]
[PlyCount "79"]
[EventDate "1994.10.??"]
[EventType "team"]
[EventRounds "15"]
[EventCountry "GER"]
[SourceTitle "Bundesliga 9495"]
[Source "DeepChess"]
[SourceDate "2005.01.01"]
[SourceVersion "1"]
[SourceVersionDate "2005.01.01"]
[SourceQuality "1"]
[WhiteTeam "SAbt SV Werder Bremen"]
[BlackTeam "Post SV Dresden"]
[WhiteTeamCountry "GER"]
[BlackTeamCountry "GER"]

1. d4 Nc6 2. e4 e5 3. dxe5 Nxe5 4. Nf3 Bb4+ 5. c3 Nxf3+ 6. Qxf3 Bc5 7. Qg3 Qf6
8. e5 Qg6 9. Bd3 Qxg3 10. hxg3 Ne7 11. Nd2 d5 12. exd6 Bxd6 13. Ne4 Bf5 14.
Nxd6+ cxd6 15. Bxf5 Nxf5 16. g4 Ne7 17. Bf4 O-O-O 18. O-O-O Kc7 19. g5 Ng6 20.
Be3 Ne5 21. Rh4 f6 22. gxf6 gxf6 23. Kc2 a6 24. Rdh1 Rd7 25. g3 Rg7 26. Bd4 Kd8
27. Re4 Rf8 28. Rd1 Kc7 29. Be3 Re8 30. Bc1 Rge7 31. Rh1 Kc6 32. Rh6 Ng6 33.
Rc4+ Kd7 34. Be3 Ke6 35. Rd4 Ne5 36. Rdh4 Rh8 37. g4 Rg7 38. g5 Ng6 39. gxf6
Rf7 40. Rxg6 1-0

[Event "Bundesliga 9495"]
[Site "Deutschland"]
[Date "1995.??.??"]
[Round "?.4"]
[White "Uhlmann, Wolfgang"]
[Black "Heissler, Jakob"]
[Result "1-0"]
[WhiteElo "2470"]
[BlackElo "2440"]
[PlyCount "79"]
[EventDate "1994.10.??"]
[EventType "team"]
[EventRounds "15"]
[EventCountry "GER"]
[SourceTitle "Bundesliga 9495"]
[Source "DeepChess"]
[SourceDate "2005.01.01"]
[SourceVersion "1"]
[SourceVersionDate "2005.01.01"]
[SourceQuality "1"]
[WhiteTeam "Post SV Dresden"]
[BlackTeam "SAbt SV Werder Bremen"]
[WhiteTeamCountry "GER"]
[BlackTeamCountry "GER"]

1. c4 Nf6 2. Nc3 g6 3. e4 d6 4. d4 Bg7 5. Be2 O-O 6. Bg5 Na6 7. Qc2 e5 8. dxe5
dxe5 9. Rd1 Qe8 10. Nd5 Nxd5 11. cxd5 f5 12. Bxa6 bxa6 13. Ne2 h6 14. Bd2 Rb8
15. b3 f4 16. f3 g5 17. Ba5 Bd7 18. Bxc7 Rc8 19. d6 g4 20. Nc3 Qh5 21. Qe2 Kh7
22. Kd2 Rf7 23. Kc2 Bf8 24. Kb2 Qg6 25. Rd2 a5 26. Rhd1 h5 27. Qf2 Qg5 28. Qxa7
h4 29. Nd5 h3 30. Nb6 Re8 31. Nxd7 Rxd7 32. Qxa5 Qh5 33. Qb5 Qf7 34. fxg4 hxg2
35. Rxg2 Re6 36. Rgd2 Bh6 37. h4 f3 38. g5 Bf8 39. h5 Qe8 40. Rf2 1-0

[Event "Bundesliga 9495"]
[Site "Deutschland"]
[Date "1995.??.??"]
[Round "?.5"]
[White "Meins, Gerlef"]
[Black "Maiwald, Jens Uwe"]
[Result "1/2-1/2"]
[WhiteElo "2425"]
[BlackElo "2455"]
[PlyCount "52"]
[EventDate "1994.10.??"]
[EventType "team"]
[EventRounds "15"]
[EventCountry "GER"]
[SourceTitle "Bundesliga 9495"]
[Source "DeepChess"]
[SourceDate "2005.01.01"]
[SourceVersion "1"]
[SourceVersionDate "2005.01.01"]
[SourceQuality "1"]
[WhiteTeam "SAbt SV Werder Bremen"]
[BlackTeam "Post SV Dresden"]
[WhiteTeamCountry "GER"]
[BlackTeamCountry "GER"]

1. d4 d6 2. e4 Nf6 3. Bd3 e5 4. c3 c6 5. Nf3 Nbd7 6. O-O Be7 7. Nbd2 O-O 8. Re1
b6 9. a4 Bb7 10. Nc4 Qc7 11. Bg5 Rfe8 12. dxe5 dxe5 13. b4 Rad8 14. Qb3 h6 15.
Bh4 Nh5 16. Bxe7 Rxe7 17. Rad1 Ndf6 18. Bc2 Rxd1 19. Rxd1 Nf4 20. g3 Ng6 21.
Nd6 Bc8 22. Nxc8 Qxc8 23. Qc4 Rd7 24. Qe2 Kf8 25. Rxd7 Qxd7 26. Nd2 Nh7 1/2-1/2

[Event "Bundesliga 9495"]
[Site "Deutschland"]
[Date "1995.??.??"]
[Round "?.6"]
[White "Goldberg, Alexander"]
[Black "Floegel, Ulrich"]
[Result "1-0"]
[WhiteElo "2405"]
[BlackElo "2315"]
[PlyCount "115"]
[EventDate "1994.10.??"]
[EventType "team"]
[EventRounds "15"]
[EventCountry "GER"]
[SourceTitle "Bundesliga 9495"]
[Source "DeepChess"]
[SourceDate "2005.01.01"]
[SourceVersion "1"]
[SourceVersionDate "2005.01.01"]
[SourceQuality "1"]
[WhiteTeam "Post SV Dresden"]
[BlackTeam "SAbt SV Werder Bremen"]
[WhiteTeamCountry "GER"]
[BlackTeamCountry "GER"]

1. e4 Nf6 2. e5 Nd5 3. d4 d6 4. Nf3 Bg4 5. Be2 e6 6. O-O Nb6 7. c4 d5 8. c5
Bxf3 9. gxf3 Nc8 10. Nc3 Nc6 11. Rb1 N8e7 12. Bg5 Qd7 13. b4 Nf5 14. Be3 Be7
15. b5 Nd8 16. c6 Qc8 17. Bd3 Nh4 18. Kh1 Kf8 19. cxb7 Qxb7 20. f4 h5 21. f5
exf5 22. f4 Ne6 23. Bf2 c5 24. bxc6 Qxc6 25. Nb5 a6 26. Nd6 Bxd6 27. Bxh4 Be7
28. Bxe7+ Kxe7 29. Bxf5 g6 30. Bxe6 Qxe6 31. Rb7+ Kf8 32. f5 gxf5 33. Qd3 Rc8
34. Qa3+ Ke8 35. Rxf5 Rc1+ 36. Qxc1 Qxf5 37. Rb8+ Kd7 38. Rxh8 Qe4+ 39. Kg1
Qxd4+ 40. Kf1 Qd3+ 41. Ke1 Qe4+ 42. Kd1 Qg4+ 43. Kc2 Qc4+ 44. Kb1 Qb4+ 45. Qb2
Qe1+ 46. Kc2 Qe2+ 47. Kb3 Qb5+ 48. Kc3 Qc4+ 49. Kd2 Qf4+ 50. Ke1 Qe3+ 51. Qe2
Qg1+ 52. Kd2 Qd4+ 53. Kc2 Qa4+ 54. Kc3 d4+ 55. Kb2 Qb4+ 56. Kc1 Qc3+ 57. Qc2
Qa3+ 58. Kb1 1-0

[Event "Bundesliga 9495"]
[Site "Deutschland"]
[Date "1995.??.??"]
[Round "?.7"]
[White "Meyer, Claus Dieter"]
[Black "Kaminski, Uwe"]
[Result "0-1"]
[WhiteElo "2310"]
[BlackElo "2390"]
[PlyCount "92"]
[EventDate "1994.10.??"]
[EventType "team"]
[EventRounds "15"]
[EventCountry "GER"]
[SourceTitle "Bundesliga 9495"]
[Source "DeepChess"]
[SourceDate "2005.01.01"]
[SourceVersion "1"]
[SourceVersionDate "2005.01.01"]
[SourceQuality "1"]
[WhiteTeam "SAbt SV Werder Bremen"]
[BlackTeam "Post SV Dresden"]
[WhiteTeamCountry "GER"]
[BlackTeamCountry "GER"]

1. e4 c5 2. Nf3 d6 3. Nc3 Nc6 4. g3 g6 5. Bg2 Bg7 6. O-O Nf6 7. d3 Bg4 8. h3
Bxf3 9. Qxf3 O-O 10. Qd1 Nd7 11. Nd5 e6 12. Ne3 Qc7 13. f4 f5 14. c3 Rae8 15.
Bd2 Kh8 16. g4 Nb6 17. gxf5 exf5 18. exf5 gxf5 19. Qh5 Qd7 20. Rae1 d5 21. Nd1
d4 22. c4 Nb4 23. Bxb4 cxb4 24. b3 Re7 25. h4 Nc8 26. Re2 Rxe2 27. Qxe2 Bf6 28.
Qh5 Ne7 29. Bh3 Rg8+ 30. Kh2 Qe6 31. Kh1 Rg3 32. Qe8+ Kg7 33. Nf2 Qe3 34. Bg2
Qxf4 35. Qh5 Rg6 36. Nh3 Qe5 37. Qf3 Rg3 38. Qh5 Rxd3 39. Ng5 Bxg5 40. Qxg5+
Kf8 41. Qh6+ Ke8 42. Qxh7 Rg3 43. Qh5+ Kd7 44. Qh6 Qe2 45. Rg1 Qf2 46. c5 Rg6
0-1

[Event "Bundesliga 9495"]
[Site "Deutschland"]
[Date "1995.??.??"]
[Round "?.8"]
[White "Andresen, Steffen"]
[Black "Hedke, Fred"]
[Result "1/2-1/2"]
[WhiteElo "2395"]
[BlackElo "2350"]
[PlyCount "93"]
[EventDate "1994.10.??"]
[EventType "team"]
[EventRounds "15"]
[EventCountry "GER"]
[SourceTitle "Bundesliga 9495"]
[Source "DeepChess"]
[SourceDate "2005.01.01"]
[SourceVersion "1"]
[SourceVersionDate "2005.01.01"]
[SourceQuality "1"]
[WhiteTeam "Post SV Dresden"]
[BlackTeam "SAbt SV Werder Bremen"]
[WhiteTeamCountry "GER"]
[BlackTeamCountry "GER"]

1. c4 e6 2. Nc3 d5 3. d4 Nf6 4. cxd5 exd5 5. Bg5 Be7 6. e3 h6 7. Bh4 O-O 8. Bd3
b6 9. Nf3 Bb7 10. Ne5 Nbd7 11. f4 Ne4 12. Bxe7 Qxe7 13. O-O Nxe5 14. fxe5 c5
15. a3 Rac8 16. Nb5 Bc6 17. Bxe4 Bxb5 18. Bd3 Bxd3 19. Qxd3 cxd4 20. exd4 Rc4
21. Rf4 Rfc8 22. Raf1 Rc1 23. h3 Rxf1+ 24. Rxf1 Rc4 25. b3 Rc7 26. Qb5 Qe6 27.
Qd3 Qc6 28. Qf3 b5 29. Kh2 a5 30. Qg3 Qc3 31. Qh4 Qc6 32. Qd8+ Kh7 33. Rf3 a4
34. Rg3 Rc8 35. Qe7 Qc7 36. Qh4 Qd7 37. Qf4 Qe6 38. Qf1 Qd7 39. Qd3+ Kh8 40.
Qf1 Rc7 41. Qe1 Rc8 42. Qb4 Qc6 43. Rf3 Qd7 44. Qa5 Kg8 45. Qb4 Rc7 46. Rg3 Rc8
47. Qd2 1/2-1/2

[Event "Bundesliga 9495"]
[Site "Deutschland"]
[Date "1994.??.??"]
[Round "?.1"]
[White "Chandler, Murray G"]
[Black "Bologan, Viktor"]
[Result "1-0"]
[WhiteElo "2545"]
[BlackElo "2600"]
[PlyCount "73"]
[EventDate "1994.10.??"]
[EventType "team"]
[EventRounds "15"]
[EventCountry "GER"]
[SourceTitle "Bundesliga 9495"]
[Source "DeepChess"]
[SourceDate "2005.01.01"]
[SourceVersion "1"]
[SourceVersionDate "2005.01.01"]
[SourceQuality "1"]
[WhiteTeam "SG 1868 Aljech. Solingen"]
[BlackTeam "Post SV Dresden"]
[WhiteTeamCountry "GER"]
[BlackTeamCountry "GER"]

1. e4 c5 2. Nf3 d6 3. d4 cxd4 4. Qxd4 Nc6 5. Bb5 Bd7 6. Bxc6 Bxc6 7. c4 Nf6 8.
Nc3 e6 9. O-O Be7 10. b3 O-O 11. Bb2 a6 12. Qd3 b6 13. Rad1 b5 14. cxb5 axb5
15. Nd4 Qb6 16. Nxc6 Qxc6 17. Nxb5 Qxe4 18. a4 d5 19. Qxe4 Nxe4 20. f3 Bc5+ 21.
Bd4 Bxd4+ 22. Nxd4 Nc3 23. Rc1 Rfc8 24. Rfe1 Rc5 25. Kf1 Rac8 26. Ra1 Kf8 27.
a5 e5 28. Rxe5 Nb5 29. Nf5 Na7 30. Nd6 Rb8 31. Rae1 g6 32. Re7 Nb5 33. b4 Rc7
34. Re8+ Rxe8 35. Rxe8+ Kg7 36. Nxb5 Rb7 37. a6 1-0

[Event "Bundesliga 9495"]
[Site "Deutschland"]
[Date "1994.??.??"]
[Round "?.3"]
[White "Lau, Ralf"]
[Black "Teske, Henrik"]
[Result "1/2-1/2"]
[WhiteElo "2515"]
[BlackElo "2495"]
[PlyCount "40"]
[EventDate "1994.10.??"]
[EventType "team"]
[EventRounds "15"]
[EventCountry "GER"]
[SourceTitle "Bundesliga 9495"]
[Source "DeepChess"]
[SourceDate "2005.01.01"]
[SourceVersion "1"]
[SourceVersionDate "2005.01.01"]
[SourceQuality "1"]
[WhiteTeam "SG 1868 Aljech. Solingen"]
[BlackTeam "Post SV Dresden"]
[WhiteTeamCountry "GER"]
[BlackTeamCountry "GER"]

1. e4 b6 2. d4 Bb7 3. Bd3 e6 4. Nf3 c5 5. c3 Nf6 6. Qe2 Be7 7. O-O Nc6 8. a3
Na5 9. Nbd2 c4 10. Bc2 Qc7 11. Re1 O-O 12. Rb1 Rae8 13. Nf1 d6 14. Ng3 e5 15.
Nf5 Bd8 16. dxe5 dxe5 17. N3h4 Re6 18. Qf3 Ne8 19. Qg3 Nb3 20. Be3 Nc5 1/2-1/2